Nuôi lợn ở gia đình

Sách hướng dẫn về cách quản lý trang trại, quản lý giống, kỹ thuật chăm sóc nuôi dưàng các loại lợn: cách chọn giống, nhân giống, các công thức lai tạo, công thức phối hợp thức ăn cho lợn...

Αποθηκεύτηκε σε:
Λεπτομέρειες βιβλιογραφικής εγγραφής
Κύριος συγγραφέας: Trương Lăng
Μορφή: Βιβλίο
Γλώσσα:Undetermined
Έκδοση: Thanh Hóa Nxb. Thanh Hóa 1998
Θέματα:
Ετικέτες: Προσθήκη ετικέτας
Δεν υπάρχουν, Καταχωρήστε ετικέτα πρώτοι!
Thư viện lưu trữ: Trung tâm Học liệu Trường Đại học Cần Thơ
LEADER 00832nam a2200205Ia 4500
001 CTU_28069
008 210402s9999 xx 000 0 und d
020 |b 11.000đ 
082 |a 636.4089 
082 |b L116/1998 
100 |a Trương Lăng 
245 0 |a Nuôi lợn ở gia đình 
245 0 |c Trương Lăng 
260 |a Thanh Hóa 
260 |b Nxb. Thanh Hóa 
260 |c 1998 
520 |a Sách hướng dẫn về cách quản lý trang trại, quản lý giống, kỹ thuật chăm sóc nuôi dưàng các loại lợn: cách chọn giống, nhân giống, các công thức lai tạo, công thức phối hợp thức ăn cho lợn... 
650 |a swine - breeding 
904 |i Minh, 990115 
980 |a Trung tâm Học liệu Trường Đại học Cần Thơ